| 000 | 00719nam a22002297a 4500 | ||
|---|---|---|---|
| 005 | 20170124110057.0 | ||
| 010 | _aA-286590 | ||
| 020 | _c00.00 | ||
| 035 | _aA-286590 | ||
| 037 | _bCen Lib/Ret | ||
| 040 |
_aDPL _bEN |
||
| 082 |
_a954.09 _bSOO |
||
| 100 |
_aSood, P. _926782 |
||
| 245 |
_aRajiv Gandhi : _cby P.Sood _bthe brave new leader / |
||
| 260 |
_bMarwah Publications _aNew Delhi _c1986 |
||
| 270 |
_aH-39, Green Park Extn. _bNew Delhi _e110016 |
||
| 300 |
_axxviii,227p. _c21cm(Hb) |
||
| 500 | _aIncludes bibliographical references and index | ||
| 650 |
_aGandhi, Rajiv, -- 1944-1991 _926528 |
||
| 650 |
_aIndia -- Politics and government -- 1977 _937 |
||
| 942 |
_2ddc _cEN _h954.09 _mSOO |
||
| 999 |
_c129576 _d129576 |
||